LEADER 01546nam a2200337 a 4500 001 000000176214 003 CaOOAMICUS 005 20231002130913.0 008 231002s2023 it u000 u ita r 020 $a978-88-08-42041-1 032 $aLibriCat 040 $aPUL$bita 082 00$a346.45064 100 1 $aBauer, Riccardo.$0(OLS)http://pul/name/113187 245 10$aCodice del terzo settore : e delle organizzazioni non-profit / $cRiccardo Bauer, Raffaele Lomonaco. 260 $aMilano :$bNovecento,$c2022. 300 $aXIX, 365 p.;$c19 cm 500 $aInclude indice. 500 $aSul frontespizio: Normativa - Regolamenti e linee guida - Codice Civile - Principi contabili - Norme di Comportamento 504 $aBibliografia in nota. 650 4$aEnti non-profit$xDiritto e legislazione$zItalia.$0(OLS)http://pul/subject/46709 650 4$aDiritto privato$zItalia$vEnti senza scopo di lucro.$0(OLS)http://pul/subject/46679 700 1 $aLomonaco, Raffaele.$0(OLS)http://pul/name/50628 850 $aPUL 852 $aPUL$W1$xSL Diritto e Scienze Sociali 3$y79$m346. 45064 BAURI 1$j200361$qDDC 21$B205157$CPULBib$Z2$F205157 $H136559 $82 941 1 $a9 996 $6020$a978-88-08-42041-1$9(OLS)http://pul/number/169212 996 $6082$a346.45064$9(OLS)http://pul/classification/2205 996 $6245$aCodice del terzo settore : e delle organizzazioni non-profit / $9(OLS)http://pul/title/217707 996 $6260$aMilano :$bNovecento$9(OLS)http://pul/publisher/87570 LEADER 01332nam a2200313 a 4500 001 000000160532 003 CaOOAMICUS 005 20170505163002.0 008 170505s2017 it u000 u ita r 020 $a978-88-255-0040-0* 032 $aLibriCat 040 $aPUL$bita 082 14$a270.6 100 1 $a?áková, Ane?ka.$0(OLS)http://pul/name/102712 245 10$aJan Hus fra tradizione e rivoluzione / $cAne?ka ?áková ; prefazione di Lothar Vogel ; postfazione di Lubomir ?ak . 260 $aRoma :$bAracne,$c©2017. 300 $a172 p. ;$c24 cm. 490 1 $aSelecta. Studi filosofico-teologici ;$v05 700 1 $aZak, Lubomír,$d1964-$0(OLS)http://pul/name/32062 700 1 $aVogel, Lothar,$d1966-$0(OLS)http://pul/name/48348 830 0$aSelecta (Aracne)$pStudi filosofico-teologici ;$v05.$0(OLS)http://pul/title/200195 850 $aPUL 852 $aPUL$W1$xSL Religione 3$y85$m270. 6 ZAKAN 1$j184182$qDDC 21$B187392$CPULBib$Z2$F187392 $H129415 $81 941 1 $a9 996 $6020$a978-88-255-0040-0*$9(OLS)http://pul/number/162612 996 $6082$a270.6$9(OLS)http://pul/classification/130 996 $6245$aJan Hus fra tradizione e rivoluzione / $9(OLS)http://pul/title/200194 996 $6260$aRoma :$bAracne$9(OLS)http://pul/publisher/62189